000 00458nam a2200205Ia 4500
005 20240823014052.0
008 240823s9999||||xx |||||||||||||| ||und||
020 _a0-07-058886-4
041 _aENGLISH
082 _A539 P4
100 _a"Gautreau,Ronald"
245 0 _aModern Physics
250 _a2nd
260 _c2004
_bTMH New D
500 _aYES
650 _aPhysics
_bPhysics
700 _a" Savin,William"
942 _cBK
999 _c169025
_d169025